1011 1617 1956 1158 1835 1583 1763 1853 1038 1122 1773 1379 1522 1841 1872 1588 1749 1699 1077 1154 1150 1265 1479 1547 1260 1727 1843 1315 1271 1523 1478 1026 1316 1932 1582 1306 1823 1645 1689 1820 1860 1983 1652 1066 1454 1066 1701 1159 1819 1411 1177 1132 1288 1302 1968 1927 1668 1529 1206 1243 1185 1592 1402 1903 1843 1621 1030 1021 1529 1296 1446 1324 1131 1434 1449 1998 1987 1520 1341 1609 1737 1204 1982 1086 1549 1007 1605 1109 1184 1072 1220 1267 1660 1595 1210 1184 1432 1714 1615 BCNSPRNW ULIB Ver.6.0+V

เปลี่ยนเป็นภาษาไทย

Change to English
 แสดงรายละเอียดบรรณานุกรม
  กลับหน้าหลัก

Brief Record : Get Marc (ISO 2709) : E-mail record : QR code < ปิดหน้าต่าง
LEADER : 00000nam 2200000uu 4500
001    13399121529
003     ULIB
008    121122s2546||||th 000 0 tha d
020    ^a9744220031
060 04 ^aWX167^bน577ก
245 00 ^aคู่มือการป้องกันการติดเชื้อและควบคุมการแพร่กระจายเชื้อในสถานบริการสาธารณสุขสำหรับพยาบาล Isolation precautions /^cบรรณาธิการ, นิตยาจาร กิตติเดชา, ส่งศรี กิตติรักษ์ตระกูล,ดารณี จามจุรี
246 14 ^aการป้องกันการติดเชื้อและควบคุมการแพร่กระจายเชื้อในสถานบริการสาธารณสุขสำหรับพยาบาล
246 31 ^aIsolation precautinos
260    ^a[นนทบุรี] :^bสำนักการพยาบาล กรมการแพทย์ กระทรวงสาธารณสุข,^c2546
300    ^a133 หน้า :^bภาพประกอบ ;^c26 ซม.
500    ^aชื่อเรื่องบนปก :การป้องกันการติดเชื้อและควบคุมการแพร่กระจายเชื้อในสถานบริการสาธารณสุขสำหรับพยาบาล
650  7 ^aการติดเชื้อในโรงพยาบาล^xการป้องกันและควบคุม
700 0  ^aนิตยาจาร กิตติเดชา,^eบรรณาธิการ
700 0  ^aส่งศรี กิตติรักษ์ตระกูล,^eบรรณาธิการ
700 0  ^aดารณี จามจุรี,^eบรรณาธิการ
710 2  ^aกระทรวงสาธารณสุข. ^bกรมการแพทย์. ^bสำนักการพยาบาล
945    ^p0^l0^i13663
945    ^p0^l0^i13662
995    ^aวิภา
999 ^a ใช้งานได้ทุกระบบ
รายการนี้ยังไม่มีแท็ก
คุณยังไม่ได้ล็อกอิน คุณสามารถมีกิจกรรมร่วมกับเว็บไซต์ได้ แต่ต้องล็อกอินก่อน ::
  ล็อกอิน

รายการสื่อสารสนเทศ

ลำดับที่ ประเภท เลขเรียก/บาร์โค้ด สถานที่ สถานะ
1. วิทยาศาสตร์การแพทย์ และสุขภาพ
วิทยาศาสตร์การแพทย์ และสุขภาพ
WX167 น577ก ฉ.2 
  Barcode: 13662
ห้องสมุดวิทยาเขตสวรรค์ประชารักษ์
►หนังสือทั่วไป
บนชั้น
2. วิทยาศาสตร์การแพทย์ และสุขภาพ
วิทยาศาสตร์การแพทย์ และสุขภาพ
WX167 น577ก ฉ.3 
  Barcode: 13663
ห้องสมุดวิทยาเขตสวรรค์ประชารักษ์
►หนังสือทั่วไป
บนชั้น

BibComment


ยังไม่เคยถูกคอมเมนท์

คอมเมนท์ทรัพยากรรายการนี้
  คอมเมนท์: คู่มือการป้องกัน..


 Copyright 2026. Bcnsprnw @Library